000 00206 a2200085 4500
020 _a9783035620764
100 _aDANIEL KISS AND SIMON KRETZ
245 _aRELATIONAL THEORIES OF URBAN FORM
260 _bBIRKHAUSER
999 _c13147
_d13147